Normal view
MARC view
Entry Personal Name
001 - CONTROL NUMBER
- control field: 6090
003 - CONTROL NUMBER IDENTIFIER
- control field: BD-RjUL
005 - DATE AND TIME OF LATEST TRANSACTION
- control field: 20221130121004.0
008 - FIXED-LENGTH DATA ELEMENTS
- fixed length control field: 221130|| aca||aabn | a|a d
040 ## - CATALOGING SOURCE
- Original cataloging agency: BD-RjUL
- Transcribing agency: BD-RjUL
100 ## - HEADING--PERSONAL NAME
- Personal name: ابن الأثير، مجد الدين المبارك بن محمد. # Ibn al-Athīr, Majd al-Dīn al-Mubārak ibn Muḥammad,
- Dates associated with a name: 1149-1209
670 ## - SOURCE DATA FOUND
- Source citation: Work cat.: (BD-RjUL)80867: ابن الأثير، مجد الدين المبارك بن محمد. # Ibn al-Athīr, Majd al-Dīn al-Mubārak ibn Muḥammad, 1149-1209., النهاية في غريب الحديث والأثر # al-Nihāyah fī gharīb al-ḥadīth wa-al-athar /, 1963-1965.